The environmental (protection) act, 1986 : (Record no. 39000)

MARC details
000 -LEADER
fixed length control field 00654nam a22001817a 4500
005 - DATE AND TIME OF LATEST TRANSACTION
control field 2010080304134.0
010 ## - LCCN (DPL NO)
LC control number ENG-97943
020 ## - INTERNATIONAL STANDARD BOOK NUMBER
Terms of availability 185.00
035 ## - SYSTEM CONTROL NUMBER
System control number EN-81476
037 ## - SOURCE OF ACQUISITION
Source of stock number/acquisition DBAD/PUB
082 ## - DEWEY DECIMAL CLASSIFICATION NUMBER
Classification number 363.7
245 ## - TITLE STATEMENT
Title The environmental (protection) act, 1986 :
Remainder of title (29 of 1986) /
260 ## - PUBLICATION, DISTRIBUTION, ETC. (IMPRINT)
Place of publication, distribution, etc Delhi
Name of publisher, distributor, etc Universal Law Publishing
Date of publication, distribution, etc 2010
270 ## - ADDRESS
Address C-FF-1A, Dilkhush Industrial Estate,G.T Karnal Road
City Delhi
Postal code 110033
300 ## - PHYSICAL DESCRIPTION
Extent x, 326p.
Dimensions 24cm (pbk)
942 ## - ADDED ENTRY ELEMENTS (KOHA)
Source of classification or shelving scheme Dewey Decimal Classification
Item type English Books
Classification part 363.7
Call number suffix ENV
Holdings
Withdrawn status Lost status Not for loan Collection code Home library Current library Date acquired Source of acquisition Cost, normal purchase price Full call number Barcode Copy number Cost, replacement price Koha item type
    Not For Loan Non-fiction D.B.Act.Division D.B.Act.Division 03/08/2010 DBAD/PUB 185.00 363.7 ENV EN-81476 1 185.00 English Books

© Delhi Public Library
Hit Counter
free hit counter